000
00206nam a2200097Ia 4500
008
190216s9999||||xx |||||||||||||| ||und||
100
_a
Kanam E J
245
0
_a
Bharya
260
_b
Current Books
942
_c
BK
999
_c
23676
_d
23676